00430nam a2200157Ia 4500100002900000942000700029366000700036654001100043245002000054260001800074082001900092300000800111546001200119999001700131952012400148 aLutz/Mark/ Ascher/David  cBK f20 apython aLearning Python bOreillyc2004 a005.133 PbLUT a591 aENGLISH c26056d26056 001040708CRCaCRCEb428d2023-03-17g420.00l1o005.133 P LUTp15254r2024-09-19s2023-06-12v525.00w2023-03-17yBK